Teesra Qadam / (Record no. 37081)

MARC details
000 -LEADER
fixed length control field 00400nam a22001577a 4500
005 - DATE AND TIME OF LATEST TRANSACTION
control field 20250902125203.0
008 - FIXED-LENGTH DATA ELEMENTS--GENERAL INFORMATION
fixed length control field 250902b |||||||| |||| 00| 0 eng d
082 ## - DEWEY DECIMAL CLASSIFICATION NUMBER
Classification number 891.4
Item number ZUB-T
100 ## - MAIN ENTRY--AUTHOR
Author Name Nasira Zuberi
245 ## - TITLE STATEMENT
Title Teesra Qadam /
260 ## - PUBLICATION, DISTRIBUTION, ETC.
Place of Publication pakistan:
Name of publisher, distributor, etc. ilmi book publisher;
Date of publication, distribution, etc. 2016.
300 ## - PHYSICAL DESCRIPTION
Pages 120 p. :
500 ## - GENERAL NOTE
General note include index.
650 ## - SUBJECT ADDED ENTRY--TOPICAL TERM
Subject / Department Urdu Litreature
300 ## - PHYSICAL DESCRIPTION
-- 22 cm.
952 ## - LOCATION AND ITEM INFORMATION (KOHA)
-- 0
-- 0
Holdings
Lost status Damaged status Collection code Permanent Location Current Location Shelving Location Date acquired Full Call Number Accession No./Barcode Date last seen item type Koha item type
    CS/IT Superior Information Resource Center (SIRC) Superior University- Gold Campus Superior Information Resource Center (SIRC) Superior University- Gold Campus urdu litreature 09/02/2025 891.4 ZUB-T 2014 30382 09/02/2025 BOOK BOOK

Powered by Koha